中国各省/亚洲各国GDP混合top20 China provinces or asian countries gdp top20 - Statistics

General Stats
  • This quiz has been taken 469 times
    468 since last reset
  • The average score is 16 of 20
Answer Stats
GDP 国家/省份 % Correct
5.70 日本
98%
2.60 韩国
97%
3.12 广东
96%
2.94 江苏
94%
11.90 印度
93%
2.11 山东
91%
1.88 浙江
88%
4.04 印度尼西亚
87%
1.40 河南
80%
1.48 泰国
79%
1.36 四川
79%
1.32 越南
79%
2.16 沙特阿拉伯
78%
1.25 福建
77%
1.27 湖北
76%
1.62 伊朗
68%
1.50 巴基斯坦
63%
1.61 台湾
56%
3.18 土耳其
53%
1.27 孟加拉国
42%
No matching quizzes found
Score Distribution
Percent of People with Each Score
Percentile by Number Answered
Your Score History
You have not taken this quiz since the last reset